| 000 | 00869nam a2200229Ii 4500 | ||
|---|---|---|---|
| 003 | JO-AjNU | ||
| 008 | 230605s9999||||xx |||||||||||||| ||und|| | ||
| 017 | _a1/91/77 | ||
| 020 | _a977-02-3269-6 | ||
| 040 |
_aJO-AjNU _bara _erda _cJO-AjNU |
||
| 041 | _aara | ||
| 050 | 1 | 4 | _aN6447.A42 1991 |
| 100 | 3 |
_aعلام،نعمت إسماعيل, _eauthor _914746 |
|
| 245 | 0 | 0 | _aفنون الغرب في العصور الوسطى والنهضة والباروك |
| 250 | _aط2 | ||
| 264 | 3 | 1 | _aالقاهرة:دار المعارف،1991 |
| 300 | _a207ص | ||
| 336 |
_atext _btxt _2rdacontent |
||
| 337 |
_aunmediated _bn _2rdamedia |
||
| 338 |
_avolume _bnc _2rdacarrier |
||
| 650 | 4 |
_aفن-تاريخ-العصورالوسطى. فن-تاريخ-عصر النهضة. فن-تاريخ. الفن الأوروبي-تاريخ-العصر الحديث. الفن الحديث. _914747 |
|
| 999 |
_aA4005 _c7573 _d7573 |
||